Espéculo de la otra mujer

Guardat en:
Dades bibliogràfiques
Autor principal: Irigaray, Luce (Autor)
Format: Llibre
Idioma:espanyol
Publicat: Madrid Akal 2007
Edició:1a. ed
Col·lecció:Cuestiones de Antagonismo, 47
Matèries:
Etiquetes: Afegir etiqueta
Sense etiquetes, Sigues el primer a etiquetar aquest registre!

MARC

LEADER 00000cam a2200000 a 4500
001 UCE9982
003 CL-VaPUC
008 151112e20070000sp |||||||||||||||||spa|d
020 |a 9788446024088 
082 0 4 |a 155.333  |b IRI  |2 21 
100 |a Irigaray, Luce  |e author  |9 602932 
245 1 0 |a Espéculo de la otra mujer 
250 |a 1a. ed 
300 |a 336 p 
942 |c BK 
945 |d 20151112 20:22:00  |a dcastane 
260 |a Madrid  |b Akal  |c 2007 
650 0 |a Feminismo  |9 259085 
650 0 |a Mujeres  |9 257649 
650 0 |a Psicoanálisis   |9 265702 
650 7 |a FEMINIDAD  |2 CL-VaPUC  |9 505907 
583 |a last modification  |c 20151112 20:22:00  |k Rodrigo Vera 
490 0 |a Cuestiones de Antagonismo, 47 
999 |c 361616  |d 361614 
952 |0 0  |1 0  |3 erb  |4 0  |6 155_333000000000000_IRI_2007  |7 0  |8 A  |9 472216  |a BIBEDU  |b BIBEDU  |i 5249805  |l 2  |m 1  |o 155.333 IRI 2007  |p 5249805  |r 2022-09-21  |s 2022-09-14  |w 2019-11-24  |y BK  |z Catalogado en:20151112  |k FIL